00165nam a2200061Ia 4500008004100000245005200041260001000093170620s9999 xx 000 0 und d 0aAdhigam Ka Vikas Avam Shikshan Adhigam Prakriya bAPOLO